Representation of lie groups and special functions : (Record no. 29769)
[ view plain ]
| 000 -LEADER | |
|---|---|
| fixed length control field | 00753 a2200193 4500 |
| 020 ## - INTERNATIONAL STANDARD BOOK NUMBER | |
| International Standard Book Number | 0792314921 |
| 020 ## - INTERNATIONAL STANDARD BOOK NUMBER | |
| International Standard Book Number | 9780792314929 |
| 082 ## - DEWEY DECIMAL CLASSIFICATION NUMBER | |
| Classification number | 512.2 |
| 090 ## - LOCALLY ASSIGNED LC-TYPE CALL NUMBER (OCLC); LOCAL CALL NUMBER (RLIN) | |
| -- | 1156 |
| -- | 1156 |
| 100 1# - MAIN ENTRY--PERSONAL NAME | |
| Personal name | Vilenkin, N.Ja. |
| 245 10 - TITLE STATEMENT | |
| Title | Representation of lie groups and special functions : |
| Remainder of title | . |
| Number of part/section of a work | Volume 2 : |
| Remainder of title | class I representations, special functions, and integral transforms / |
| Statement of responsibility, etc. | N.Ja. Vilenkin, A.U. Klimyk. |
| 260 ## - PUBLICATION, DISTRIBUTION, ETC. | |
| Place of publication, distribution, etc. | [S.l.] : |
| Name of publisher, distributor, etc. | Springer, |
| Date of publication, distribution, etc. | 1993. |
| 300 ## - PHYSICAL DESCRIPTION | |
| Extent | 636 p. ; |
| Dimensions | 24 cm. |
| 490 1# - SERIES STATEMENT | |
| Series statement | Mathematics and its applications. |
| 700 1# - ADDED ENTRY--PERSONAL NAME | |
| Personal name | Klimyk, A.U. |
| 830 #0 - SERIES ADDED ENTRY--UNIFORM TITLE | |
| Uniform title | Mathematics and its applications. |
| 942 ## - ADDED ENTRY ELEMENTS (KOHA) | |
| Institution code [OBSOLETE] | SNS |
| Koha item type | Book |
| Call number prefix | 512.2 VIL |
| Withdrawn status | Lost status | Damaged status | Not for loan | Permanent Location | Current Location | Date acquired | Total Checkouts | Full call number | Barcode | Date last seen | Price effective from | Koha item type |
|---|---|---|---|---|---|---|---|---|---|---|---|---|
| School of Natural Sciences (SNS) | School of Natural Sciences (SNS) | 05/26/2016 | 512.2 VIL | SNS0001492 | 05/26/2016 | 05/26/2016 | Book |
